000 00488nam a22001817a 4500
001 3998
003 FISKH
005 20240529142335.0
008 240529b cb ||||| |||| 00| 0 eng d
040 _aFISKH
_beng
_cFISKH
_dFISKH
082 _a509.22
100 _aKnauer, Kelly
245 _aTime great discoveries
260 _aNew York :
_bTime Books,
_c2009
300 _a121 pages :
_c28 cm
520 _aAn exploration of numerous geographic and historic locations
942 _2ddc
_cBK
_n0
999 _c3998
_d3998